000 00692nam a2200181Ia 4500
008 100921s9999 xx 000 0 und d
082 _b30567
_a927 थ 99
100 _aकोंडके दादा,शब्दांकन,परांजपे अभय.
245 _aसोंगाड्या.
260 _bसुरूची प्रकाशन, मुंबई.
_c1999
300 _a171
_bरसिक साहित्य,पुणे
365 _b150
520 _aचरित्रे-कलाकार.
630 _aसोंगाड्या.
650 _aचरित्रे-कलाकार.
730 _aसोंगाड्या.
942 _cBOOK
999 _c779680
_d779677